| 000 | 01569nam a22004457a 4500 | ||
|---|---|---|---|
| 001 | 000085268 | ||
| 003 | CHAP | ||
| 005 | 20220329142325.0 | ||
| 008 | 000628d1961 mx b r 00010 spa d | ||
| 010 | _a81742 | ||
| 011 | _a82714 | ||
| 035 | _a93216 | ||
| 040 | _cCHAP | ||
| 090 | _aFolleto 5642 | ||
| 100 | 0 | 0 |
_aBuller, Roderic E. _916037 |
| 245 | 1 | 0 |
_aGrassland and livestock regions of Mexico / _c/by Roderic E. Buller, E. Hernández X. and Martin H. González. |
| 260 |
_aChapingo, Méx. : _bEscuela Nacional de Agricultura. Departamento de Promoción y Divulgación, _c1961. |
||
| 300 |
_a6 p. : _bmapas. |
||
| 500 | _aEnc. con impresos similares | ||
| 530 | _aTambién disponible en línea | ||
| 590 |
_aBATCH-UPD _b10 _c20130110 _lUCH01 _h0818 |
||
| 590 |
_aBATCH-UPD _b10 _c20130410 _lUCH01 _h0455 |
||
| 590 |
_aBATCH-UPD _b10 _c20130914 _lUCH01 _h1503 |
||
| 590 |
_aBATCH-UPD _b10 _c20140324 _lUCH01 _h1438 |
||
| 590 |
_aBATCH-UPD _b10 _c20141002 _lUCH01 _h0817 |
||
| 590 |
_aBATCH _b00 _c20181121 _lUCH01 _h0759 |
||
| 590 |
_aCONVERSION _b10 _c20130109 _lUCH01 _h1345 |
||
| 590 |
_aE11695DGD _b10 _c20140219 _lUCH01 _h1508 |
||
| 650 | 1 | 4 |
_aGanadería _zMéxico. _944867 |
| 650 | 1 | 4 |
_aPastizales _xMéxico. _985950 |
| 700 | 0 |
_aGonzález, Martín H. _949537 |
|
| 700 | 0 |
_aHernández Xolocotzi, Efraím. _954753 |
|
| 856 |
_3Finding aid _uhttp://10.13.5.2/tesis/x85268.pdf _zTeclea aquí |
||
| 856 |
_a1 _n0001056 |
||
| 901 | _aBK | ||
| 905 | _aGuadalupe Pinto C. | ||
| 942 | _cFOLL | ||
| 942 | _n0 | ||
| 949 |
_aFolleto 5642 _bBC _cUACH _d9392161 _eUACH _i93216 _st |
||
| 999 |
_c81742 _d81742 |
||